000 00394nam a22001697a 4500
005 20160623105025.0
008 160623b xxu||||| |||| 00| 0 eng d
020 _a978-0-07-060448-3
041 _aeng
082 _b9073
100 _aChase, Richard Band others
_92468
245 _aOperations Management
260 _bTMH
_c2008
300 _a800
650 _aManagement
_9241
942 _cBK
999 _c3636
_d3635